[Event "Berlin Eckbauer op 09th"]
[Site "Berlin"]
[Date "2006.11.13"]
[Round "6"]
[White "Welz, Peter"]
[Black "Blesing, Andreas"]
[Result "1/2-1/2"]
[WhiteElo "2122"]
[BlackElo "2085"]
[PlyCount "89"]
[EventDate "2006.10.09"]
[EventType "swiss"]
[EventRounds "7"]
[EventCountry "GER"]
[SourceTitle "EXT 2022"]
[Source "ChessBase"]
[SourceDate "2021.10.06"]
[SourceVersion "1"]
[SourceVersionDate "2021.10.06"]
[SourceQuality "1"]

1. e4 d5 2. exd5 Qxd5 3. Nc3 Qa5 4. d4 Nf6 5. Nf3 Nc6 6. d5 Nb4 7. Bb5+ c6 8. dxc6 bxc6 9. Be2 Bf5 10. Nd4 Rd8 11. 0-0 Nxc2 12. Nxc6 Rxd1 13. Rxd1 Qb6 14. Ne5 a6 15. Nc4 Qb8 16. Ne3 Nxa1 17. Nxf5 e6 18. Bxa6 Bc5 19. Nxg7+ Kf8 20. Bh6 Bxf2+ 21. Kf1 Ng4 22. Nxe6+ Ke7 23. Bf4 Qxb2 24. Nc7 Bd4 25. Be2 Rd8 26. N7d5+ Kf8 27. Rxd4 Rxd5 28. Rxd5 Qxc3 29. Bd6+ Kg7 30. Rg5+ Kf6 31. Rxg4 Nc2 32. Bg3 Ne3+ 33. Kf2 Nxg4+ 34. Bxg4 Qd4+ 35. Kf3 h5 36. Bh3 Kg5 37. Be1 Qd1+ 38. Kf2 f5 39. g3 Qc2+ 40. Kg1 Qxa2 41. Bg2 Qe2 42. Bf2 Qd1+ 43. Bf1 f4 44. gxf4+ Kxf4 45. Kg2 1/2-1/2

[Event "Berlin Eckbauer op 09th"]
[Site "Berlin"]
[Date "2006.10.09"]
[Round "1"]
[White "Hennings, Dirk"]
[Black "Blesing, Andreas"]
[Result "1/2-1/2"]
[WhiteElo "1659"]
[BlackElo "2085"]
[PlyCount "101"]
[EventDate "2006.10.09"]
[EventType "swiss"]
[EventRounds "7"]
[EventCountry "GER"]
[SourceTitle "EXT 2022"]
[Source "ChessBase"]
[SourceDate "2021.10.06"]
[SourceVersion "1"]
[SourceVersionDate "2021.10.06"]
[SourceQuality "1"]

1. d4 d5 2. c4 c6 3. cxd5 cxd5 4. Nc3 Nc6 5. Nf3 Nf6 6. Bg5 e6 7. e3 Be7 8. Bd3 0-0 9. 0-0 a6 10. Rc1 Bd7 11. Na4 Nb4 12. Bb1 Bb5 13. Re1 Ne4 14. Bxe7 Qxe7 15. a3 Bxa4 16. Qxa4 Nc6 17. Bxe4 dxe4 18. Nd2 f5 19. Qc4 Rfd8 20. Nb3 Rd5 21. Nc5 Rc8 22. b4 Nd8 23. h3 Rc6 24. Qa2 h6 25. a4 Kh7 26. Rc2 Qd6 27. Rec1 e5 28. Nb3 Rxc2 29. Qxc2 Qxb4 30. dxe5 Qxa4 31. f4 Rd3 32. Nd4 Qxc2 33. Rxc2 Kg6 34. e6 Kf6 35. Nxf5 Nxe6 36. g4 g6 37. Nxh6 Rxe3 38. g5+ Ke7 39. f5 Nxg5 40. fxg6 Rg3+ 41. Kf2 Rf3+ 42. Ke2 Ne6 43. Rc7+ Nxc7 44. g7 Rg3 45. Nf5+ Kf6 46. Nxg3 Kxg7 47. Nxe4 Nd5 48. Nc5 a5 49. Nxb7 a4 50. Nc5 a3 51. Kd2 1/2-1/2

[Event "Berlin op 10"]
[Site "Berlin"]
[Date "2000.11.27"]
[Round "7"]
[White "Blesing, Andreas"]
[Black "Mueller, Peter"]
[Result "1-0"]
[WhiteElo "2071"]
[BlackElo "1754"]
[PlyCount "49"]
[EventDate "2000.10.16"]
[EventType "swiss"]
[EventRounds "7"]
[EventCountry "GER"]
[SourceTitle "EXT 2007"]
[Source "ChessBase"]
[SourceDate "2006.11.23"]
[SourceVersion "1"]
[SourceVersionDate "2006.11.23"]
[SourceQuality "1"]

1. e4 e5 2. d4 exd4 3. Nf3 Nc6 4. c3 d5 5. exd5 Qxd5 6. cxd4 Bg4 7. Nc3 Bb4 8. Be2 Nf6 9. 0-0 Qd7 10. d5 Bxf3 11. Bxf3 Ne7 12. Qb3 Bc5 13. Bg5 0-0-0 14. Rac1 Bd6 15. Be3 Ng4 16. Bxa7 Nxh2 17. Be2 Nxf1 18. Ba6 c6 19. dxc6 Nxc6 20. Na4 Nd2 21. Nb6+ Kc7 22. Nd5+ Kc8 23. Qb6 Nf3+ 24. gxf3 bxa6 25. Rxc6+ 1-0

[Event "Berlin-ch"]
[Site "Berlin"]
[Date "1994.05.20"]
[Round "4"]
[White "Blesing, Andreas"]
[Black "Berger, Gerd Helmar"]
[Result "1-0"]
[WhiteElo "2033"]
[BlackElo "2078"]
[PlyCount "123"]
[EventDate "1994.04.22"]
[EventType "swiss"]
[EventRounds "9"]
[EventCountry "GER"]
[SourceTitle "EXT 2007"]
[Source "ChessBase"]
[SourceDate "2006.11.23"]
[SourceVersion "1"]
[SourceVersionDate "2006.11.23"]
[SourceQuality "1"]

1. e4 c5 2. b3 Nc6 3. Bb2 d6 4. f4 Nf6 5. Nc3 g6 6. Nd5 Bg7 7. Nxf6+ exf6 8. Bc4 0-0 9. Ne2 Re8 10. d3 f5 11. Bxg7 Kxg7 12. 0-0 fxe4 13. dxe4 Rxe4 14. Ng3 Re8 15. f5 f6 16. Qd5 Ne5 17. fxg6 hxg6 18. Bb5 Be6 19. Qxb7+ Re7 20. Qe4 d5 21. Qf4 Rb7 22. Be2 Rb4 23. Qe3 d4 24. Qf2 Bd5 25. Rae1 Rb6 26. Qf4 Qd7 27. Bd3 Re8 28. Be4 Bf7 29. Bd3 Rbe6 30. Ne4 Nxd3 31. cxd3 Qe7 32. Rc1 Rc8 33. g4 a5 34. Rc2 g5 35. Qc1 Rec6 36. Rcf2 Bg6 37. Rxf6 Rxf6 38. Nxf6 Rc6 39. Ne4 Bxe4 40. dxe4 Qxe4 41. h3 Qe5 42. Qe1 Qxe1 43. Rxe1 Kf6 44. Kf2 Rd6 45. Rc1 Rd5 46. Rc4 Ke5 47. Ra4 d3 48. Ke1 d2+ 49. Kd1 Rd3 50. Rxa5 Kd4 51. Ra4+ Ke3 52. Rc4 Kf3 53. Rxc5 Kf4 54. Rc4+ Kg3 55. b4 Kxh3 56. b5 Rg3 57. b6 Rg1+ 58. Kxd2 Rb1 59. Rc3+ Kxg4 60. Rb3 Rxb3 61. axb3 Kf3 62. b7 1-0

[Event "Berlin-ch"]
[Site "Berlin"]
[Date "1994.04.29"]
[Round "2"]
[White "Kauschmann, Herbert"]
[Black "Blesing, Andreas"]
[Result "1-0"]
[WhiteElo "2223"]
[BlackElo "2033"]
[PlyCount "111"]
[EventDate "1994.04.22"]
[EventType "swiss"]
[EventRounds "9"]
[EventCountry "GER"]
[SourceTitle "EXT 2007"]
[Source "ChessBase"]
[SourceDate "2006.11.23"]
[SourceVersion "1"]
[SourceVersionDate "2006.11.23"]
[SourceQuality "1"]

1. e4 c6 2. d4 d5 3. e5 Bf5 4. Nc3 e6 5. g4 Bg6 6. Nge2 f6 7. Nf4 fxe5 8. dxe5 Bf7 9. h4 Nd7 10. Nd3 d4 11. Ne4 Nxe5 12. Ng5 Qd5 13. Nxe5 Qxe5+ 14. Be2 Qd5 15. Bf3 Bb4+ 16. Kf1 Qe5 17. c3 dxc3 18. bxc3 Ne7 19. Rb1 Qxc3 20. Qa4 Qd3+ 21. Kg2 Qxb1 22. Ba3 Be1 23. Qf4 0-0 24. Bxe7 h6 25. Ne4 Bg6 26. Bxf8 Rxf8 27. Qe3 Bxf2 28. Nxf2 Qxa2 29. h5 Bf7 30. g5 hxg5 31. Qxg5 Qb2 32. h6 Qf6 33. Qe3 e5 34. hxg7 Qxg7+ 35. Kf1 Bc4+ 36. Be2 Bxe2+ 37. Qxe2 Kf7 38. Qd3 Qg6 39. Qd7+ Kf6 40. Qxb7 Rf7 41. Qxc6+ Kf5 42. Qc8+ Kf6 43. Qd8+ Ke6 44. Qc8+ Kf6 45. Ke2 Ke7 46. Qc7+ Kf6 47. Qd8+ Ke6 48. Qc8+ Ke7 49. Rc1 Qf5 50. Rc7+ Kd6 51. Rc6+ Ke7 52. Qb7+ Kf8 53. Rc8+ Kg7 54. Qg2+ Kf6 55. Ng4+ Ke7 56. Qb7+ 1-0